| 000 | 00443nam a2200169Ia 4500 | ||
|---|---|---|---|
| 001 | 73096 | ||
| 008 | 160622s9999||||xx |||||||||||||| ||und|| | ||
| 020 | _a9780007580583 | ||
| 040 | _cPK-LaUMT | ||
| 082 |
_aRCC 423 _bCOL- |
||
| 245 | _aCollins cobuild advanced learner's dictionary/ | ||
| 260 |
_aGlasgow,Great Britain: _bHarperCollins Publishers, _c2014 |
||
| 300 | _a1913 p. | ||
| 546 | _aEN | ||
| 650 | _aEnglish-Dictionary | ||
| 942 | _cBK | ||
| 999 |
_c86205 _d86205 |
||